[Event "Winterthur"]
[Site "Winterthur"]
[Date "1996.??.??"]
[Round "11"]
[White "Van der Sterren, Paul"]
[Black "Gallagher, Joseph G"]
[Result "1/2-1/2"]
[WhiteElo "2510"]
[BlackElo "2530"]
[Annotator "Hazai,L"]
[PlyCount "94"]
[EventDate "1996.09.??"]
[EventType "tourn"]
[EventRounds "11"]
[EventCountry "SUI"]
[EventCategory "9"]
[SourceTitle "CBM 055"]
[Source "ChessBase"]
[SourceDate "1996.12.01"]
[SourceVersion "1"]
[SourceVersionDate "1996.12.01"]
[SourceQuality "1"]

1. d4 Nf6 2. c4 g6 3. Nc3 Bg7 4. e4 d6 5. f3 O-O 6. Be3 Nbd7 7. Nge2 c5 8. d5
Ne5 9. Ng3 e6 10. Be2 exd5 11. cxd5 a6 12. O-O {White allows Black to continue
the initiative on the queenside with 12...b5, and concentrates all of his
pieces for a breakthrough in the centre, and some initiative on the kingside.
van der Sterren and Rogers are playing this plan rather frequently.} (12. a4 h5
13. O-O Nh7 14. Qd2 h4 15. Nh1 f5 16. Nf2 {is the critical position these days.
}) 12... b5 13. b3 (13. Qd2 h5 (13... Re8 14. b3 Bd7 15. a4 Rb8 16. h3 c4 17.
axb5 axb5 18. b4 Rc8 {(Rogers-Kindermann, Prague 1992)} 19. Ra3 $16) (13... b4
14. Nd1 a5 {(1/2 Babula-Rasik, Luhacovice 1993)} 15. Bh6 $1) (13... Rb8 14. Bh6
Bxh6 15. Qxh6 b4 16. Nd1 $14) (13... Bd7 14. Bh6 Bxh6 15. Qxh6 b4 16. Nd1 Kh8
17. Nf2 Bb5 18. Nh3 Ng8 19. Qd2 Qb6 20. f4 Nd7 21. Kh1 Bxe2 22. Qxe2 f6 23. b3
Nh6 24. Ng1 $14 {van der Sterren-Kindermann, Prague 1992}) 14. Bh6 $1 {
deserves attention.} (14. Bg5 $6 Qb6 $1 15. f4 $6 c4+ 16. Kh1 Neg4 17. h3 Nf2+
18. Kh2 Re8 $1 19. e5 dxe5 20. d6 e4 $1 21. Bxf6 Bxf6 22. d7 Bxd7 23. Nd5 Qd6
24. Nxf6+ Qxf6 25. Qxd7 e3 $17 {Andrianov-Miles, Katerini 1992})) 13... h5 (
13... b4 14. Na4 Bd7 15. Nb2 Bb5 16. Nc4 Bxc4 (16... Re8) 17. bxc4 Re8 {
gives White free hand in the centre.}) 14. Rc1 Nh7 15. Qd2 (15. f4 Ng4 16. Bxg4
Bxg4 17. Qd2 h4 18. Nh1 h3 19. Ng3 {1/2 King-Berg, Eeklo 1991}) 15... h4 16.
Nh1 f5 17. Nf2 {In comparision to the main line with 12.a4 we have got a
similar position and strategy on the kingside, but the pawn structure on the
queenside favours Black.} Re8 (17... Bd7) (17... Qf6 18. f4 Nf7 19. e5 dxe5 20.
Bxc5 Nd6 21. fxe5 Qxe5 22. Nd3 Qf6 23. Nf4 Re8 $13) 18. h3 (18. a4 bxa4 19.
Nxa4 Rb8) (18. f4 Nf7 $1 (18... Ng4 19. Nxg4 fxg4 20. Bd3)) 18... Bd7 {Black
has solved completely his problems in the opening.} (18... Rb8) 19. Rfe1 Qf6
20. f4 Nf7 21. Bf3 Rac8 22. a3 a5 (22... g5 $6 23. exf5) 23. a4 b4 24. Ncd1 {
[#]} c4 (24... g5 $5 {is worthy of attention.}) 25. bxc4 Bxa4 26. Qa2 Bxd1 27.
Bxd1 $1 (27. Rexd1 fxe4 28. Nxe4 Rxe4 $1 29. Bxe4 Re8) 27... fxe4 28. Qxa5 Rb8
{Here the position became extremely unclear, but the opening phase was
satisfactory for Black.} 29. Ba4 Re7 30. Ng4 $5 (30. Rb1 Qc3) (30. c5 b3 31. c6
b2 32. Rb1 Qc3) 30... Qf5 31. Rb1 Qc8 32. Bc6 (32. Rxb4 $2 Ra8 $1) 32... b3 (
32... Bc3) 33. Bb5 (33. Qa3 b2 34. Re2) 33... b2 34. Qd2 Nf6 35. Nxf6+ Bxf6 36.
Bd4 (36. Rxb2 Bxb2 37. Qxb2 Qxc4 38. Qf6 Qxb5 39. Qxe7 Qxd5 40. Qxh4) 36... Qf5
37. Qxb2 Bxd4+ 38. Qxd4 Qxf4 39. c5 dxc5 40. Qxc5 Rc7 41. Bc6 Rxb1 42. Rxb1 Ne5
43. Rf1 Nf3+ 44. gxf3 Qg3+ 45. Kh1 Qxh3+ 46. Kg1 Qg3+ 47. Kh1 Qh3+ 1/2-1/2

[Event "Vienna Bawag"]
[Site "Vienna"]
[Date "1996.??.??"]
[Round "9"]
[White "Chernin, Alexander"]
[Black "Stanec, Nikolaus"]
[Result "1/2-1/2"]
[WhiteElo "2595"]
[BlackElo "2490"]
[Annotator "Hazai,L"]
[PlyCount "85"]
[EventDate "1996.05.??"]
[EventType "tourn"]
[EventRounds "9"]
[EventCountry "AUT"]
[EventCategory "9"]
[SourceTitle "CBM 054"]
[Source "ChessBase"]
[SourceDate "1996.10.01"]
[SourceVersion "1"]
[SourceVersionDate "1996.10.01"]
[SourceQuality "1"]

1. d4 Nf6 2. c4 g6 3. Nc3 Bg7 4. e4 d6 5. h3 O-O 6. Bg5 c5 (6... Na6 $1) 7. d5
e6 8. Bd3 exd5 9. cxd5 a6 $6 (9... h6 10. Be3 (10. Bh4 Bd7 $1 11. a4 Na6 12.
Nf3 {(Goldin-Minasian, Paris 1994)} Qb6 $1 13. Qd2 Nb4 14. O-O $1 Nxd3 15. Qxd3
g5 16. Bg3 Nh5 $13 {Goldin}) 10... Na6 {55/92} (10... b5 11. Nxb5 Re8 (11...
Na6 12. Ne2 Rb8 13. O-O $16 {Gulko-Sherzer, USA 1992}) 12. Nc3 Nxe4 13. Nxe4 f5
14. Ne2 $1 fxe4 15. Bc2 Ba6 16. O-O Nd7 17. Re1 $1 Bxb2 18. Rb1 Bg7 19. Nf4 $44
{Chernin-Sznapik, Budapest zt 1993}) 11. Qd2 Kh7 12. Nge2 $1 Nc7 13. a4 b6 14.
O-O Bd7 15. Rab1 a5 {(Chernin-M.Kaminski, Polanica Zdroj 1992)} (15... a6 16.
b4 $1) 16. Bf4 $1 $14 {Chernin}) 10. a4 {Now Black cannot use the a6 square
for his development anymore.} Nbd7 11. Nf3 Qc7 12. Nd2 (12. O-O c4 13. Bc2 $14)
12... Ne5 13. Be2 c4 $2 (13... h6 14. Be3 g5 {This plan with the blockade of
the dark squares looks safer.}) 14. O-O $16 Bd7 15. a5 b5 16. axb6 Qxb6 17. Qc2
Rfc8 18. Be3 Qb4 19. Ra3 (19. f4 Nd3 $132) 19... Rab8 20. Rb1 h6 (20... a5 21.
f4 Nd3 22. Bxd3 cxd3 23. Qxd3 $16) 21. Rxa6 $18 Ne8 22. Ra7 g5 23. Bd4 Rb7 24.
Ra3 (24. Rxb7 $1 Qxb7 25. Bxe5 Bxe5 26. Nxc4 $18) 24... Rbb8 25. Ra7 Rb7 26.
Ra3 Rbb8 27. Bf1 Ra8 28. Rba1 Rxa3 29. Rxa3 (29. bxa3 Qa5 30. a4 $18) 29... Nc7
30. Bxe5 Bxe5 31. Nxc4 Bd4 32. Rb3 Qc5 33. Nb6 Rd8 34. Nxd7 Rxd7 35. Rb8+ Kg7
36. Qd2 (36. Bd3 $1 {/\ Nd1}) 36... Re7 37. Nb5 $2 {Transposing to an endgame
with opposite coloured bishops throws away the game.} (37. Na4 Qa7 38. Rb4 Be5
39. Nb6 $18) 37... Nxb5 38. Rxb5 Qa7 $44 39. Bd3 Rc7 40. g3 Qa1+ 41. Bf1 Be5
42. Qe2 Qc1 43. Rb4 1/2-1/2

[Event "Lausanne YM"]
[Site "Lausanne"]
[Date "2000.06.02"]
[Round "2.2"]
[White "Bu, Xiangzhi"]
[Black "Jenni, Florian"]
[Result "1/2-1/2"]
[WhiteElo "2565"]
[BlackElo "2446"]
[Annotator "Hazai,L"]
[PlyCount "54"]
[EventDate "2000.05.30"]
[EventType "k.o."]
[EventRounds "3"]
[EventCountry "SUI"]
[SourceTitle "CBM 078"]
[Source "ChessBase"]
[SourceDate "2000.10.18"]
[SourceVersion "1"]
[SourceVersionDate "2000.10.18"]
[SourceQuality "1"]

1. d4 Nf6 2. c4 g6 3. Nc3 Bg7 4. e4 d6 5. f3 O-O 6. Be3 c5 7. Nge2 Nc6 8. d5
Ne5 9. Ng3 e6 10. Be2 exd5 11. cxd5 a6 ({Black can also wait with a6 if he
wants to play on the >>.} 11... h5 {/\ Nh7 is the popular plan these days.} 12.
O-O Nh7 13. Qd2 h4 14. Nh1 f5 15. Nf2 a6 16. a4 {- 11...a6}) 12. a4 Bd7 {
Black is preparing a quick << offensive with b7-b5. The position has
similarities to the Benko Gambit and the Benoni.} (12... h5 13. O-O Nh7 14. Qd2
h4 15. Nh1 f5 16. Nf2 {Is the other critical position in the Samish c5
variation with chances for both sides.}) 13. h3 {/\ f4 chasing away the strong
N from the [+].} (13. O-O b5 $1 14. h3 ({Accepting the positional P sacrifice
leads to a well-known compensation for Black after} 14. axb5 axb5 15. Rxa8 Qxa8
16. Bxb5 Bxb5 17. Nxb5 Qa6 $44 {>< b2,c4,d3}) 14... Rb8 $1 $13) 13... b5 (13...
Ne8 $5 {is not frequently used, but worth of study.} 14. O-O (14. f4 {is met by
} Qh4 15. Kf2 f5 $1 $132) 14... b5 (14... Qh4 15. Qe1 f5 16. f4 Nf7 17. exf5
gxf5 {This P structure gives Black good tactical chances.} 18. Bd3 Nh8 {
The N will come back to g6.} 19. Rf3 Ng6 20. Qb1 Qf6 21. Nh5 Qe7 22. Nxg7 Nxg7
23. b4 Nh5 24. Nd1 Nh4 25. Rf2 b6 $13 {Ward-W.Watson, Germany 1996}) 15. axb5 (
15. f4 Nc4 16. Bxc4 bxc4 $13 {- 13...b5 14.f4 Nc4 15.Bxc4 bxc4 16.0-0 Ne8!})
15... axb5 16. Rxa8 (16. Nxb5 Rb8 $44) 16... Qxa8 17. Nxb5 Qb7 $44 {with a
good Benko type of position for Black.}) 14. f4 {This is the consequent
continuation.} (14. O-O {- 13.0-0 b5 14.h3}) 14... Nc4 15. Bxc4 bxc4 {Now the
b <-> is opened, but White's threats in the [+] are also serious.} 16. O-O (16.
e5 $2 {is premature:} Re8 17. exf6 Rxe3+ 18. Kf2 Rd3 $19) 16... Re8 (16... Ne8
$5 {comes into consideration threatening f7-f5.} 17. e5 dxe5 18. Bxc5 Nd6 $1) (
16... Rb8 $5 17. Qd2 $1 (17. Rf2 Rb3 (17... Ne8 18. e5 f5 19. e6 {White has
created a strong protected o^ on e6, but his pieces are rather badly placed.
Black can organize a counterattack on the <<.} (19. exd6 Qa5 $132) 19... Bc8
20. Qe2 Qa5 21. Qxc4 Nc7 22. Re1 Rxb2 $1 23. Rxb2 Qxc3 $132) 18. Qf3 Qb8 19.
Ra2 Re8 20. Kh1 h5 {/\ h4 maximizing the pressure on >< e4.} 21. f5 Rxc3 $1 22.
bxc3 Qb1+ 23. Kh2 h4 24. Nf1 Qxe4 {Now Black's pieces are very active
compensating the sacrificed exchange.} 25. fxg6 Qxg6 26. Bf4 Ne4 27. Rfc2 Bf5
28. Re2 Rb8 {/\ Rb3 >< c3, ^^} 29. Re3 Rb3 {(Chernin-Hebden, Lloyds Bank 1994)}
30. g4 $5 hxg3+ 31. Nxg3 Nxg3 32. Bxg3 Bc2 $5 $13) 17... Rb3 18. f5 {White
wants to double his rooks on the f <->.} Qe7 19. Rf3 Rfb8 20. Raf1 Rxb2 21. Qc1
{White has concentrated all of his forces on the >> leaving the << in Black's
hands.} {The only defence is} Ne8 $1 {opening up the long /^ for the B.} (21...
Nxe4 $2 {founders on a direct -> against the K after} 22. Ncxe4 gxf5 23. Nh5
Qxe4 24. Rg3 $16 {and the pin on the g <-> is fatal.} Rb1 25. Rxg7+ Kf8 26. Bf4
Qd4+ 27. Kh2 Ke7 28. Bg5+ Kf8 29. Be7+ $1 {1-0 Nenashev-Banikas, Chania 1999})
(21... R2b3 $2 {allows White to exchange the strong defender B.} 22. Bh6 $1
Bxh6 ({Black cannot avoid the exchange by} 22... Bh8 {because after} 23. fxg6
fxg6 (23... hxg6 24. Qg5 Qe5 25. Qxe5 dxe5 26. Nge2 R3b6 27. a5 Rd6 28. Bg5 $18
) 24. Qg5 {White's >> concentration of forces is unbearable.} Qe5 25. Qxe5 dxe5
26. Nge2 R3b6 27. g4 $18) 23. Qxh6 Rf8 $1 $16 (23... Qe5 $2 {loses instantly
after} 24. fxg6 hxg6 25. Nge2 $18 {Nenashev-Tzermiadianos, Nikea 1999})) 22.
fxg6 (22. Bg5 Bd4+ 23. Kh1 f6 $17) 22... hxg6 $1 23. Rxf7 Qxf7 24. Rxf7 Kxf7
$13 {Tzermiadianos}) 17. Qf3 Rb8 $6 {This plan connected with the following
positional piece sacrifice is hazardous.} (17... Qc7 {leaves the >> unattended.
} 18. Kh1 (18. f5) 18... h6 {Black cannot close the >> so easy.} 19. f5 g5 20.
Nh5 Nxh5 21. Qxh5 f6 22. h4 $40 {Levitina-Wang, Shanghai ct 1992}) (17... Qb8 {
brings the Q even further from the >>.} 18. Rf2 h5 19. f5 h4 20. Nf1 gxf5 21.
exf5 Ra7 22. g4 $1 Rb7 23. g5 $18 Rxb2 24. gxf6 Bxf6 25. Qg2+ {1-0 Razuvaev-G.
Timoshenko, Biel op 1994}) (17... Qe7 $5 {is intersting, for example:} 18. Rae1
{prepares e5, but is it important?} (18. e5 dxe5 19. fxe5 Qxe5 20. Bxc5 h5 (
20... Rac8 $5) 21. Rad1 h4 22. Nge4 Bf5 {(Vyzmanavin-Degraeve, Cappelle la
Grande 1997)} 23. Nxf6+ $1 Bxf6 24. Bd4 Qd6 25. Bxf6 Qxf6 26. d6 $14 {and the
o^ d6 is strong.}) 18... h5 19. e5 {1/2-1/2 Psakhis-Becerra Rivero, Mondariz
1996}) (17... h5 $5 18. e5 Nh7 (18... dxe5 19. fxe5 Rxe5 20. Bf4 Qe8 {is a
typical exchange sacrifice, but here it is not so impressive because of the
strong o^ on d5.} (20... Re7 21. Bg5 $16 {wins material because of the pins.})
21. Bxe5 Qxe5 22. Rad1 $16) 19. Rad1 $1 {is the good preparatory move here
overprotecting d5.} (19. Nge4 {looks devastating, but Black has good
counterchances.} dxe5 20. fxe5 Bf5 21. Bxc5 (21. Nd6 Rxe5 22. Nxc4 Re8 23. Rad1
Ng5 24. Qf2 Bxh3 $1 $13) 21... Rxe5 22. Rad1 Bxe4 23. Nxe4 $1 Rf5 24. Qe2 Rxd5
{eliminating the dangerous o^.} 25. Qf3 f5 $13 {Nenashev-Tzermiadianos, Chania
1999}) 19... h4 20. Nge4 {Now the insertion of moves Rad1-h4 clearly favours
White.} dxe5 21. fxe5 Bf5 (21... Rxe5 22. Qxf7+ Kh8 23. Bxc5 $16) 22. Nd6 Rxe5
23. Nxc4 Re8 24. Qf2 $14 {Tzermiadianos}) 18. e5 Rxb2 $6 {continuing the nice,
but incorrect plan.} (18... dxe5 19. fxe5 Rxe5 {looked more to the point to
sacrifice the exchange for some activity.} 20. Bf4 Re7 21. Bxb8 Qxb8 22. Rad1
$14) 19. exf6 Bxf6 {Black has two pawns and some tactical threats based on the
pins, but by correct play this is not sufficient.} 20. Nce4 $1 (20. Nge4 Bd4 $1
(20... Rb3 21. Nxf6+ Qxf6 22. Bd2)) 20... Rb3 21. Rae1 (21. Nxf6+ $6 Qxf6 22.
Rae1 Qe7 23. Kf2 Bxa4 $44) 21... Bd4 22. f5 Qe7 (22... gxf5 23. Nxf5 Bxf5 24.
Qxf5 Rxe3 25. Rxe3 Bxe3+ {wins back the piece, but at a cost of the
irreversibily weakened K's position.} 26. Kh1 $36) 23. Kh1 (23. fxg6 {comes
also into consideration, for example:} hxg6 24. Bxd4 $1 Rxf3 25. Rxf3 cxd4 26.
Nf6+ Kf8 27. Rxe7 Rxe7 28. Nxd7+ Rxd7 29. Rf4 $16 {liquidating to a much
better _|_.}) 23... f6 24. Qf2 ({Why not} 24. fxg6 $1 hxg6 25. Bxd4 Rxf3 26.
Rxf3 cxd4 27. Nxf6+ Kh8 28. Rxe7 Rxe7 29. Nxd7 Rxd7 30. Rf4 $18 {with an even
better _|_ than before?}) 24... Be5 25. Bf4 Bd4 26. Be3 (26. Qd2 $5) 26... Be5
27. Bf4 Bd4 {and draw by repetition of moves.} 1/2-1/2

[Event "Tan Chin Nam Cup 6th"]
[Site "Beijing"]
[Date "2000.07.14"]
[Round "6"]
[White "Dreev, Alexey"]
[Black "Peng, Xiaomin"]
[Result "1-0"]
[WhiteElo "2676"]
[BlackElo "2657"]
[Annotator "Hazai,L"]
[PlyCount "57"]
[EventDate "2000.07.03"]
[EventType "tourn"]
[EventRounds "9"]
[EventCountry "CHN"]
[EventCategory "16"]
[SourceTitle "CBM 078"]
[Source "ChessBase"]
[SourceDate "2000.10.18"]
[SourceVersion "1"]
[SourceVersionDate "2000.10.18"]
[SourceQuality "1"]

1. d4 Nf6 2. c4 g6 3. Nc3 Bg7 4. e4 d6 5. f3 O-O 6. Nge2 c5 7. d5 e6 8. Ng3
exd5 9. cxd5 Nh5 $5 {Black irreversibily corrupts his P structure in order to
play a quick f5 and open the diagonals for his B and Q.} ({He can also insert} 
9... a6 10. a4 {and then play} Nbd7 {is the main line with complicated Benoni
structure.} (10... Nh5 $5 {with similar consequences.} 11. Nxh5 gxh5 12. Bd3 f5
13. O-O (13. exf5 {solves the problem of the c8 B.} Bxf5 14. O-O Nd7 15. a5 Qf6
16. Ra4 Qg6 17. Bxf5 Rxf5 18. Re4 Raf8 $132 {with a very active position for
the doubled h pawns, Ward-Bekker Jensen, Politiken Cup 1998.}) 13... Nd7 (13...
f4 $143 {wants to create a magnificent post for the N or B on e5, but White is
alert.} 14. Ne2 Be5 15. g3 $1 $16 {breaking down the blockade, Mortensen.}) 14.
exf5 (14. Bc2 $5 {is similar to the game continuation.}) 14... Ne5 15. g4 Qh4
16. Be2 hxg4 17. fxg4 h5 $132 {King})) 10. Nxh5 gxh5 11. Bd3 (11. Be3 {Stohl}
f5 12. Qd2 fxe4 13. Nxe4 (13. fxe4 $2 {loses the important central P.} Bxc3 (
13... Nd7 $5) 14. bxc3 Qh4+ 15. g3 Qxe4 16. Bg2 Qg6 $15) 13... Bf5 14. Bd3 Nd7
$132) 11... f5 12. O-O (12. exf5 {helps for Black to develop his pieces.} Bxf5
13. O-O (13. Bxf5 Rxf5 14. O-O Na6 $132 {/\ Nc7 >< d5 Mortensen}) 13... Na6 (
13... Bxd3 $5 14. Qxd3 Nd7 $11) 14. Be4 $142 {Stohl} (14. Bxa6 bxa6 15. Be3 {
(Ward-Mortensen, Copenhagen 1999 CBM 71)} Re8 $1 $15 {^^ Ward}) 14... Bxe4 15.
Nxe4 Rf5 $13 {and >< d5 may become a target.}) 12... Nd7 (12... f4 $143 {Stohl}
13. Ne2 Be5 14. g3 $1 {and Black cannot keep his [+].} fxg3 15. hxg3 h4 16. g4
h3 17. Qe1 $1 $14 (17. g5 Bxb2 $5 18. Bxb2 Qxg5+ 19. Kf2 Bg4 $36)) (12... Na6 {
is the other way developing the N.} 13. a3 {Was 13...Nb4 a real threat?} (13.
Bf4 $143 $6 {weakening >< b2} fxe4 14. fxe4 c4 $1 {/\ Qb6} 15. Bxc4 Qb6+ 16.
Kh1 Qxb2 17. Bxd6 (17. Qxh5 Qxc3 18. Bxd6 Bg4 $1 19. Qxg4 Rxf1+ 20. Rxf1 Qxc4
21. Qf5 (21. Qf4 {Stohl} Nc5 $1 {/\} 22. Rc1 Qxe4 23. Rxc5 $2 Qe1+ $19) 21...
Nc5 $1 22. Bxc5 (22. Re1 {Stohl} Nd3 (22... Re8 $6 23. Rf1 Kh8 24. Qf7 Rxe4 25.
Bf8 Qd4 26. Qc7 Nd3 27. Bxg7+ Qxg7 28. Qd8+ Qg8 29. Qf6+ $11) 23. Rf1 Kh8 $17)
22... Qxc5 23. Qf7+ Kh8 24. Qxb7 Rg8 $1 25. h3 Qc4 26. Qb1 Be5 $19 {and
although White has three pawns for the piece, Black's |^ is very strong,
Yevseev-Voitsekhovsky, Ekaterinburg 1999 CBM 75.}) 17... Bg4 $1 18. Qb3 Bxc3
19. Qxb2 Bxb2 20. Rae1 Rxf1+ 21. Bxf1 Bd4 22. h3 {(Dreev-Shchekachev, Russia 
(ch) 1998 CBM 67)} Bd7 $1 $17 {and White has no real compensation for the
piece.}) 13... Bd7 14. Qc2 {This is the idea of 13.a3.} Qf6 15. Kh1 Rac8 16.
Be3 c4 {Black wants to grab the |^ on the << at any rate.} 17. Be2 b5 {Black
is not afraid of losing the worthless P on a7.} 18. Bxa7 (18. f4 {with the
idea of a breakthrough in the [+].} Nc5 19. e5 dxe5 20. fxe5 Qxe5 21. Bf4 Qf6
22. d6 Kh8 23. Rad1 {1/2-1/2 Khenkin-A.David, FRA 1999}) 18... Nc5 19. Rad1 f4
$1 $44 {securing the vital e5 square, Glek.} (19... Kh8 {allows the march for
the [+] after} 20. Bxc5 Rxc5 21. f4 $1 $14 {Chernin-Glek, Germany 1999})) 13.
Bc2 {This is a useful prophylactical move against Ne5.} (13. Ne2 c4 14. Bc2 {
1/2-1/2 Dreev-Bologan, Beijing 2000}) 13... Ne5 14. Ne2 Qh4 15. f4 (15. exf5 $5
{deserved attention.} Bxf5 16. Bxf5 Rxf5 17. Ng3 Rff8 (17... Rf6 $6 18. Ne4 Rg6
{loses material after} 19. Bg5 $1 Rxg5 20. Nxg5 Qxg5 21. f4 $16) 18. Ne4 {
The N is very active here.} Nf7 19. Qb3 $14) 15... Nc4 16. Ng3 $6 {White wants
to complicate matters.} ({The simple} 16. Rb1 $5 fxe4 17. Bxe4 $14 {looked
much safer.}) 16... Nxb2 17. Qe2 Qg4 (17... Nd3 $5 {comes into consideration.}
18. e5 (18. Bxd3 Bxa1 {and White has no real compensation for the exchange.})
18... dxe5 19. Nxh5 (19. Bxd3 e4 20. Bc4 Bxa1 21. d6+ Kh8 {holding the
important long /^.}) 19... e4 20. Nxg7 Nxc1 21. Raxc1 Kxg7 {and White has no
direct threats against the black K.}) 18. Rf3 h4 (18... Nd3 $5 {was possible
again.}) 19. e5 $1 dxe5 (19... hxg3 $6 20. Bxb2 $40) 20. h3 Qg6 21. fxe5 Nc4 (
21... hxg3 22. Bxb2 $40) 22. Qxc4 Bxe5 23. Rb1 Bxg3 (23... hxg3 $5) 24. Bf4 b6
$2 {[#] This is the real mistake!} (24... Bxf4 {was the last chance to defend.}
) 25. Rxg3 $1 {[%mdl 512] Now White has an irresistable ->.} hxg3 26. Rb3 $1 {
This is the point bringing the R into battle on the third rank.} Qf6 27. Rxg3+
Kf7 (27... Kh8 28. Re3 $18) 28. Qe2 Qh4 $2 {This loses outright.} (28... Qd4+ {
was more persistant, for example:} 29. Be3 Qh4 30. Qf3 Ke8 31. d6 Rb8 32. Rg7
Rf7 33. Qc6+ Bd7 34. Rg8+ Rf8 35. Rxf8+ Kxf8 36. Qxd7 Qe1+ 37. Kh2 Qxe3 38.
Qxf5+ Kg7 39. Qxh7+ Kf6 40. Qf5+ Kg7 41. Qg6+ Kf8 42. Qf6+ Kg8 43. h4 $16) 29.
Qe5 1-0

[Event "Hasselbacken"]
[Site "Stockholm"]
[Date "2001.07.28"]
[Round "1"]
[White "Hermansson, Emil"]
[Black "Wedberg, Tom Birger"]
[Result "0-1"]
[WhiteElo "2381"]
[BlackElo "2505"]
[Annotator "Hecht,H"]
[PlyCount "84"]
[EventDate "2001.07.28"]
[EventType "tourn"]
[EventRounds "9"]
[EventCountry "SWE"]
[EventCategory "9"]
[SourceTitle "CBM 085"]
[Source "ChessBase"]
[SourceDate "2001.11.13"]
[SourceVersion "1"]
[SourceVersionDate "2001.11.13"]
[SourceQuality "1"]

1. d4 Nf6 2. c4 e6 3. Nc3 c5 4. d5 exd5 5. cxd5 d6 6. e4 g6 7. f3 Bg7 8. Nge2
O-O 9. Ng3 Nh5 10. Nxh5 gxh5 11. Be3 f5 12. Qd2 Qf6 13. Bg5 Qg6 14. Bd3 Na6 15.
O-O Bd7 16. Rae1 Rae8 17. Nb5 fxe4 18. fxe4 Nb4 19. Rxf8+ Rxf8 20. Bc4 Bxb5 21.
Bxb5 Nc2 22. Rf1 Bd4+ 23. Kh1 Rxf1+ 24. Bxf1 Qxe4 25. Bh6 Be3 26. Bd3 Bxh6 27.
Bxe4 Bxd2 28. Bxc2 {[#] Aktiver schwarzer König mit Mehrbauer} Bc1 29. b3 Kg7
30. g3 h6 31. Bd1 (31. Bd3 Kf6 32. a4 Ke5 33. Bc4 Kd4 34. Kg2 a6 35. Kf3 h4 36.
gxh4 Kc3 37. Ke4 Kb4 38. Kf5 b5 39. axb5 axb5 40. Bf1 Kxb3 41. Bxb5 c4 42. Ke4
c3 43. Bd3 c2 $19) 31... h4 32. Bg4 hxg3 33. hxg3 Kf6 34. Bc8 b6 35. a4 Ke5 36.
Bb7 Kd4 37. Kg2 Kc3 38. Ba6 Kxb3 39. Bb5 c4 40. Kf3 c3 41. Ke2 c2 42. Kd3 Bg5
0-1

[Event "POL-ch 53rd"]
[Site "Brzeg Dolny"]
[Date "1996.??.??"]
[Round "7"]
[White "Kempinski, Robert"]
[Black "Oliwa, Marek"]
[Result "0-1"]
[WhiteElo "2475"]
[BlackElo "2440"]
[Annotator "Hecht,H"]
[PlyCount "98"]
[EventDate "1996.03.09"]
[EventType "tourn"]
[EventRounds "15"]
[EventCountry "POL"]
[EventCategory "9"]
[SourceTitle "CBM 053"]
[Source "ChessBase"]
[SourceDate "1996.08.01"]
[SourceVersion "1"]
[SourceVersionDate "1996.08.01"]
[SourceQuality "1"]

1. d4 Nf6 2. c4 c5 3. d5 g6 4. Nc3 d6 5. e4 Bg7 6. f3 O-O 7. Bg5 h6 8. Be3 e6
9. Qd2 exd5 10. cxd5 Re8 11. a4 h5 12. Nge2 Nbd7 13. Nc1 Nh7 14. Be2 f5 15.
exf5 gxf5 16. Nd3 Qe7 17. Bf2 Nb6 18. O-O Bxc3 19. Qxc3 Nxd5 20. Qc4 Be6 21.
Rfe1 Qg5 22. f4 Qg7 23. Bf3 Ne3 24. Qb5 Nc2 25. Rxe6 Rxe6 26. Qc4 Nd4 27. Bxd4
Qxd4+ 28. Qxd4 cxd4 29. Bxb7 Rae8 30. Bd5 Nf6 31. Bxe6+ Rxe6 32. Re1 Kf7 33.
Rxe6 Kxe6 {[%csl Rc4,Re4] [#] beiderseitige Bauernschwächen, schlechte
schwarze B-Struktur wird kompensiert durch Raum und weiße Felderschwächen} 34.
Nb4 (34. Kf2 $5 Kd5 $6 {[%cal Rd5e4,Rd5c4]} (34... Ne4+ $5 35. Ke2 Nc5 36.
Nxc5+ dxc5 37. Kd3 Kd5 38. b3 h4 39. a5 (39. h3 a5 $19) (39. g3 hxg3 40. hxg3
a5 $19) 39... a6 40. h3 c4+ 41. bxc4+ Kc5 $19) 35. b3 Ke4 36. Ke2 Nd5 37. g3
Nc3+ 38. Kd2 Kf3 39. Nb4 Kg2 40. Nc6 $132) 34... Nd5 35. Nd3 $6 (35. Nc6 $5 d3
36. Kf2 Nxf4 37. Ke3 $13) 35... Ne3 36. b3 Kd5 37. Kf2 Ke4 38. Nb4 d3 39. Ke1
Nxg2+ 40. Kd2 Nxf4 41. a5 h4 42. Nc6 a6 43. Nb4 Ne6 44. Nxa6 Nd4 45. Nb4 (45.
b4 Nf3+ 46. Kd1 Nxh2 47. b5 Nf3 48. b6 h3 $19) 45... Nxb3+ 46. Kc3 Nxa5 47.
Nxd3 f4 48. Nf2+ Ke3 49. Ng4+ Ke2 0-1